| 000 | 00596nam 22001933 4500 | ||
|---|---|---|---|
| 001 | 201948 | ||
| 090 | _a201948 | ||
| 100 | _a20260424d u||y0pory50 ba | ||
| 200 |
_aA propaganda política _fJ. M. Domenach _gtradução de Ciro T. de Pádua |
||
| 210 |
_aSão Paulo _cDifusão Européia do Livro _d1955 |
||
| 215 |
_a137 p. _cbrochado _d19 cm |
||
| 225 |
_aSaber atual _v22 |
||
| 606 |
_91246 _aPolítica |
||
| 675 |
_a32 _vPT _zpor |
||
| 700 |
_917184 _aDomenach _bJean Marie _f1922-1997 |
||
| 702 |
_917186 _aPádua _bCiro T. de |
||
| 801 |
_aPT _bBMMN _gRPC |
||
| 830 |
_cAna Falardo _fAna Falardo |
||
| 990 | _cLIVROS | ||